Normal view
MARC view
- المهلب بن ابي صفرة- تراجم - تاريخ العرب
Entry Topical Term
001 - CONTROL NUMBER
- control field: 8891
003 - CONTROL NUMBER IDENTIFIER
- control field: JO-AjAnu
005 - DATE AND TIME OF LATEST TRANSACTION
- control field: 20230606071731.0
008 - FIXED-LENGTH DATA ELEMENTS
- fixed length control field: 230606|| aca||aabn | a|a d
040 ## - CATALOGING SOURCE
- Original cataloging agency: JO-AjAnu
- Transcribing agency: JO-AjAnu
150 ## - HEADING--TOPICAL TERM
- Topical term or geographic name entry element: المهلب بن ابي صفرة- تراجم - تاريخ العرب
670 ## - SOURCE DATA FOUND
- Source citation: Work cat.: (JO-AjAnu)4587: العبود، نافع توفيق, author 8890, المهلب بن ابي صفرة